International law of the sea (2019) / (Record no. 5863)

MARC details
000 -LEADER
fixed length control field 02341cam a2200337Ki 4500
001 - CONTROL NUMBER
control field on1119537864
003 - CONTROL NUMBER IDENTIFIER
control field OCoLC
005 - DATE AND TIME OF LATEST TRANSACTION
control field 20200831225838.0
006 - FIXED-LENGTH DATA ELEMENTS--ADDITIONAL MATERIAL CHARACTERISTICS--GENERAL INFORMATION
fixed length control field m o d
007 - PHYSICAL DESCRIPTION FIXED FIELD--GENERAL INFORMATION
fixed length control field cr cnu|||unuuu
008 - FIXED-LENGTH DATA ELEMENTS--GENERAL INFORMATION
fixed length control field 190913s2019 enk o 001 0 zxx d
020 ## - INTERNATIONAL STANDARD BOOK NUMBER
International Standard Book Number 9781108545907
Qualifying information (electronic bk.)
020 ## - INTERNATIONAL STANDARD BOOK NUMBER
International Standard Book Number 1108545904
Qualifying information (electronic bk.)
020 ## - INTERNATIONAL STANDARD BOOK NUMBER
Cancelled/invalid ISBN 9781108424219 (hardback)
020 ## - INTERNATIONAL STANDARD BOOK NUMBER
Cancelled/invalid ISBN 9781108440103 (paperback)
029 1# - (OCLC)
OCLC library identifier AU@
System control number 000066885319
035 ## - SYSTEM CONTROL NUMBER
System control number (OCoLC)1119537864
040 ## - CATALOGING SOURCE
Original cataloging agency CAMBR
Language of cataloging eng
Description conventions rda
-- pn
Transcribing agency TZ-ArACH
049 ## - LOCAL HOLDINGS (OCLC)
Holding library TZAA
050 00 - LIBRARY OF CONGRESS CALL NUMBER
Classification number KZA1145
Item number .T36 2019
100 1# - MAIN ENTRY--PERSONAL NAME
Personal name Tanaka, Yoshifumi,
Relator term author.
245 14 - TITLE STATEMENT
Title International law of the sea (2019) /
Statement of responsibility, etc Yoshifumi Tanaka.
250 ## - EDITION STATEMENT
Edition statement Third edition.
300 ## - PHYSICAL DESCRIPTION
Extent lxxxi, 557 pages
Dimensions 23 cm
504 ## - BIBLIOGRAPHY, ETC. NOTE
Bibliography, etc Ill
505 0# - FORMATTED CONTENTS NOTE
Formatted contents note The law of the sea in perspective -- Baselines and related issues -- Marine spaces under national jurisdiction I : territorial sovereignty -- Marine spaces under national jurisdiction II : sovereign rights -- Marine spaces beyond national jurisdiction -- Maritime delimitation -- Conservation of marine living resources -- Protection of the marine environment -- Conservation of marine biological diversity -- Marine scientific research -- Maintenance of international peace and security at sea -- Land-locked and geographically disadvantaged States -- Peaceful settlement of international disputes -- Looking ahead.
520 ## - SUMMARY, ETC.
Summary, etc This new edition has been fully revised to include up-to-date coverage of essential issues of the international law of the sea. Covering a number of new and important issues, such as the headline debate of migrant movement across the seas, and the definition of islands in light of the South China Sea Arbitration, it also includes chapters on conservation of marine living resources and biological diversity, protection of the marine environment, and international peace and security at sea, as well as building further on such topics as the impact of climate change on the oceans. A precise and readable book, with many figures and tables, The International Law of the Sea continues to be the best choice for students wanting to understand the law of the sea.
650 #0 - SUBJECT ADDED ENTRY--TOPICAL TERM
Topical term or geographic name as entry element Law of the sea.
856 40 - ELECTRONIC LOCATION AND ACCESS
Materials specified Cambridge University Press
Uniform Resource Identifier <a href="https://doi.org/10.1017/9781108545907">https://doi.org/10.1017/9781108545907</a>
942 ## - ADDED ENTRY ELEMENTS (KOHA)
Source of classification or shelving scheme Library of Congress Classification
Koha item type Books
Holdings
Home library Current library Date acquired Full call number Barcode Koha item type Public note
African Court on Human and Peoples' Rights Library African Court on Human and Peoples' Rights Library 31/08/2020 KZA1145 .T36 2019 10203141 Books Donation by the International Law Book Foundation (ILBF)

African Court on Human and Peoples' Rights | For Inquiries Contact » +255 272 510 510